00660nam a22002057a 450000500170000000800410001704000070005804100080006508200210007310000240009424500360011826000430015430000270019736500240022452001240024865000190037265000150039170000260040670000220043220220203102301.0220201b ||||| |||| 00| 0 eng d cAL aeng 223a820.43bVARL aVrindavan Lal Varma aLakshmi Bai: The Rani of Jhansi aNew DelhibOcean Books Pvt. Ltd.c2001 a312 p.bHBc22x14v cm. b400.00c₹d400.00 aNovel based on the life and exploits of Rani of Jhansi Lakshmi Bai, d. 1858, who fought for freedom from British rule.  aIndian History aLakshmibai aVARMA (Vrindavan Lal) aSAHAYA (Amita) Tr